ბათუმის შოთა რუსთაველის სახელმწიფო უნივერსიტეტის ბიბლიოთეკა

გაუტკივარება ამბულატორიულ სტომატოლოგიაში და კბილების ექსტრაქცია : (ბიბ.ჩანაწერი № 60929)

000 -ლიდერი
ფიქსირებული სიგრძის საკონტროლო ველი 01139nam a22002297a 4500
003 - საკონტროლო ნომრის იდენტიფიკატორი
საკონტროლო ველი Ge_BSU
005 - ბოლო ოპერაციის თარიღი და დრო
საკონტროლო ველი 20231121120827.0
008 - ფიქსირებული სიგრძის მონაცემთა ელემენტები - ზოგადი ინფორმაცია
ფიქსირებული სიგრძის საკონტროლო ველი 231121s2022 ge ||||| |||| 00| 0 geo d
020 ## - წიგნის საერთაშორისო სტანდარტული ნომერი
International Standard Book Number 9789941845277
041 ## - ენის კოდი
Language code of text/sound track or separate title geo
080 ## - უნივერსალური ათობითი კლასიფიკაციის ინდექსი
Universal Decimal Classification number 616.314-089.87(075.8) ლ-44
100 ## - მთავარი ჩანაწერი - პიროვნების სახელი
Personal name ლეონიძე, ალ.
9 (RLIN) 20440
245 ## - ცნობა სათაურის შესახებ
Title გაუტკივარება ამბულატორიულ სტომატოლოგიაში და კბილების ექსტრაქცია :
Remainder of title [სახელმძღვანელო] /
Statement of responsibility, etc ალ. ლეონიძე, ე. ლეონიძე.
264 ## - წარმოების, გამოცემის, დისტრიბუციის და სხვა ცნობები
გამოცემის, წარმოების, დისტრიბუციის... ადგილი თბილისი,
გამოცემის, წარმოების, დისტრიბუციის... თარიღი 2022.
300 ## - ფიზიკური აღწერა
Extent 208 გვ. :
Other physical details სურ. ;
Dimensions 29 სმ.
500 ## - ზოგადი შენიშვნა
General note ეძღვნება პროფესორ ომარ ნემსაძის ხსოვნას.
504 ## - BIBLIOGRAPHY, ETC. NOTE
Bibliography, etc ბიბლიოგრაფია: გვ. 208.
653 ## - INDEX TERM--UNCONTROLLED
Uncontrolled term სტომატოლოგია
653 ## - INDEX TERM--UNCONTROLLED
Uncontrolled term კბილის ექსტრაქცია
700 ## - ADDED ENTRY--PERSONAL NAME
Personal name ლეონიძე, ე.
Relator term ავტორი
9 (RLIN) 20441
942 ## - ADDED ENTRY ELEMENTS (KOHA)
Source of classification or shelving scheme
Koha item type წიგნი
ეგზემპლარები
ჩამოწერის სტატუსი დაკარგული ეგზემპლარის სტატუსი კლასიფიკაციის წყარო ან თაროზე გაწყობის სქემა დაზიანების სტატუსი არ გაიცემა მუდმივი მდებარეობა (დაცვის ადგილი) ამჟამინდელი ადგილსამყოფელი შეძენის თარიღი ღირებულება, შესყიდვის ნორმალური ფასი სრული შენახვის შიფრი შტრიხკოდი ბოლო ოპერაციის თარიღი ეგზემპლარის მიმდევრობითი ნომერი (კეტერი?) ფასის ძალაში შესვლის თარიღი ეგზემპლარის სახეობა საჯარო შენიშვნა
          ბათუმის შოთა რუსთაველის სახელმწიფო უნივერსიტეტის მთავარი ბიბლიოთეკა ბათუმის შოთა რუსთაველის სახელმწიფო უნივერსიტეტის მთავარი ბიბლიოთეკა 2023-11-21 48.00 616.314-089.87(075.8) ლ-44 66896 2023-11-21 66896 2023-11-21 წიგნი 48 ლ.
          ბათუმის შოთა რუსთაველის სახელმწიფო უნივერსიტეტის მთავარი ბიბლიოთეკა ბათუმის შოთა რუსთაველის სახელმწიფო უნივერსიტეტის მთავარი ბიბლიოთეკა 2023-11-21 48.00 616.314-089.87(075.8) ლ-44 66897 2023-11-21 66897 2023-11-21 წიგნი 48 ლ.
          ბათუმის შოთა რუსთაველის სახელმწიფო უნივერსიტეტის მთავარი ბიბლიოთეკა ბათუმის შოთა რუსთაველის სახელმწიფო უნივერსიტეტის მთავარი ბიბლიოთეკა 2023-11-21 48.00 616.314-089.87(075.8) ლ-44 66898 2023-11-21 66898 2023-11-21 წიგნი 48 ლ.
          ბათუმის შოთა რუსთაველის სახელმწიფო უნივერსიტეტის მთავარი ბიბლიოთეკა ბათუმის შოთა რუსთაველის სახელმწიფო უნივერსიტეტის მთავარი ბიბლიოთეკა 2023-11-21 48.00 616.314-089.87(075.8) ლ-44 66899 2023-11-21 66899 2023-11-21 წიგნი 48 ლ.